000 00474nam a22001937a 4500
003 MPLRDC
005 20220104113825.0
008 210129b ||||| |||| 00| 0 eng d
020 _a957-33-1043-0
082 _a848.2 SMZY-17
100 _a司马中原著
245 _a司马中原医院鬼话
_c
250 _a十六刷
260 _a
_b皇冠出版社
_c1994
300 _b
490 _a皇冠丛书;2274
650 _a现代别集
942 _cBK
_o848.2 SMZY-17
999 _c2632
_d2622